Computational propaganda : (Record no. 187222)

MARC details
000 -LEADER
fixed length control field 02294nam a2200505 i 4500
001 - CONTROL NUMBER
control field EBC5527541
003 - CONTROL NUMBER IDENTIFIER
control field MiAaPQ
005 - DATE AND TIME OF LATEST TRANSACTION
control field 20210827112635.0
006 - FIXED-LENGTH DATA ELEMENTS--ADDITIONAL MATERIAL CHARACTERISTICS
fixed length control field m o d |
007 - PHYSICAL DESCRIPTION FIXED FIELD--GENERAL INFORMATION
fixed length control field cr cnu||||||||
008 - FIXED-LENGTH DATA ELEMENTS--GENERAL INFORMATION
fixed length control field 181018s2019 nyu ob 001 0 eng d
020 ## - INTERNATIONAL STANDARD BOOK NUMBER
Canceled/invalid ISBN 9780190931407
020 ## - INTERNATIONAL STANDARD BOOK NUMBER
Canceled/invalid ISBN 9780190931414
020 ## - INTERNATIONAL STANDARD BOOK NUMBER
International Standard Book Number 9780190931421 (e-book)
035 ## - SYSTEM CONTROL NUMBER
System control number (MiAaPQ)EBC5527541
035 ## - SYSTEM CONTROL NUMBER
System control number (Au-PeEL)EBL5527541
035 ## - SYSTEM CONTROL NUMBER
System control number (CaPaEBR)ebr11613508
035 ## - SYSTEM CONTROL NUMBER
System control number (OCoLC)1056064398
040 ## - CATALOGING SOURCE
Original cataloging agency MiAaPQ
Language of cataloging eng
Description conventions rda
-- pn
Transcribing agency MiAaPQ
Modifying agency MiAaPQ
082 0# - DEWEY DECIMAL CLASSIFICATION NUMBER
Classification number 302.30285
Edition number 23
245 00 - TITLE STATEMENT
Title Computational propaganda :
Remainder of title political parties, politicians, and political manipulation on social media /
Statement of responsibility, etc. edited by Samuel Woolley and Philip N. Howard.
264 #1 - PRODUCTION, PUBLICATION, DISTRIBUTION, MANUFACTURE, AND COPYRIGHT NOTICE
Place of production, publication, distribution, manufacture New York, NY :
Name of producer, publisher, distributor, manufacturer Oxford University Press,
Date of production, publication, distribution, manufacture, or copyright notice [2019]
264 #4 - PRODUCTION, PUBLICATION, DISTRIBUTION, MANUFACTURE, AND COPYRIGHT NOTICE
Date of production, publication, distribution, manufacture, or copyright notice ©2019
300 ## - PHYSICAL DESCRIPTION
Extent 1 online resource (273 pages).
336 ## - CONTENT TYPE
Content type term text
Source rdacontent
337 ## - MEDIA TYPE
Media type term computer
Source rdamedia
338 ## - CARRIER TYPE
Carrier type term online resource
Source rdacarrier
490 1# - SERIES STATEMENT
Series statement Oxford studies in digital politics
504 ## - BIBLIOGRAPHY, ETC. NOTE
Bibliography, etc. note Includes bibliographical references and index.
588 ## - SOURCE OF DESCRIPTION NOTE
Source of description note Description based on print version record.
590 ## - LOCAL NOTE (RLIN)
Local note Electronic reproduction. Ann Arbor, MI : ProQuest, 2018. Available via World Wide Web. Access may be limited to ProQuest affiliated libraries.
630 00 - SUBJECT ADDED ENTRY--UNIFORM TITLE
Uniform title Facebook (Electronic resource)
630 00 - SUBJECT ADDED ENTRY--UNIFORM TITLE
Uniform title Twitter.
650 #0 - SUBJECT ADDED ENTRY--TOPICAL TERM
Topical term or geographic name entry element Social media
General subdivision Political aspects.
650 #0 - SUBJECT ADDED ENTRY--TOPICAL TERM
Topical term or geographic name entry element Online social networks
General subdivision Political aspects.
650 #0 - SUBJECT ADDED ENTRY--TOPICAL TERM
Topical term or geographic name entry element Propaganda
General subdivision Technological innovations.
650 #0 - SUBJECT ADDED ENTRY--TOPICAL TERM
Topical term or geographic name entry element Disinformation
General subdivision Technological innovations.
650 #0 - SUBJECT ADDED ENTRY--TOPICAL TERM
Topical term or geographic name entry element Generators (Computer programs)
655 #4 - INDEX TERM--GENRE/FORM
Genre/form data or focus term Electronic books.
700 1# - ADDED ENTRY--PERSONAL NAME
Personal name Woolley, Samuel,
Relator term editor.
700 1# - ADDED ENTRY--PERSONAL NAME
Personal name Howard, Philip N.,
Relator term editor.
776 08 - ADDITIONAL PHYSICAL FORM ENTRY
Relationship information Print version:
Title Computational propaganda : political parties, politicians, and political manipulation on social media.
Place, publisher, and date of publication New York, NY : Oxford University Press, c2019
Physical description 273 pages
Series data for related item Oxford studies in digital politics.
International Standard Book Number 9780190931407
Record control number (DLC) 2018026451
830 #0 - SERIES ADDED ENTRY--UNIFORM TITLE
Uniform title Oxford studies in digital politics.
856 40 - ELECTRONIC LOCATION AND ACCESS
Uniform Resource Identifier https://ezproxy.taylors.edu.my/login?url=https://ebookcentral.proquest.com/lib/taylors/detail.action?docID=5527541
Public note An electronic book accessible through the World Wide Web; click to view
Holdings
Withdrawn status Lost status Damaged status Not for loan Home library Current library Date acquired Total Checkouts Date last seen Price effective from Koha item type
      e-book Taylor's Library-TU Taylor's Library - Perpetual(TU) 26/02/2026   26/02/2026 26/02/2026 Main Collection